000071653 001__ 71653 000071653 005__ 20180822112447.0 000071653 037__ $$aGDOC-2017-26009 000071653 041__ $$aspa 000071653 041__ $$aeng 000071653 100__ $$0''$$1628002$$aISABEL LAMIQUIZ, MONEO 000071653 24500 $$926009$$aSociología aplicada a la discapacidad 000071653 24200 $$926009$$aSociology applied to disability 000071653 260__ $$aZaragoza$$bUniversidad de Zaragoza$$c2017-2018 000071653 520__ $$aBreve presentación de la asignatura La asignatura denominada Sociología aplicada a la Discapacidad pertenece a la materia de Sociología, de formación básica de otras ramas de conocimiento, de carácter obligatorio y anual. Se imparte en el 2º curso. Su carga lectiva es de 6 créditos ECTS. Presenta una relación longitudinal con las asignaturas de Sociología de la Salud, Psicología I, Técnicas de Liderazgo, y Sociología de la Exclusión Social. Y tiene una relación transversal con las asignaturas de formación básica y de formación obligatoria del 2º curso. 000071653 521__ $$9109$$aGraduado en Terapia Ocupacional$$bDegree in Occupational Therapy 000071653 540__ $$aby-nc-sa$$bCreative Commons$$c3.0$$uhttp://creativecommons.org/licenses/by-nc-sa/3.0/ 000071653 830__ $$9276 000071653 8564_ $$s14643$$uhttps://zaguan.unizar.es/record/71653/files/guia-26009-en.pdf$$yGuide (english) 000071653 8564_ $$s22856$$uhttps://zaguan.unizar.es/record/71653/files/guia-26009-es.pdf$$yGuía (idioma español) 000071653 970__ $$aGDOC-2017-26009 000071653 980__ $$aGDOC$$bCiencias de la Salud$$bHealth Sciences$$c127